Surnames - Multiple Choice #9 - Statistics

General Stats
  • This quiz has been taken 27 times
  • The average score is 6 of 15
Answer Stats
Question Answer % Correct
Werner German
100%
Sato Japanese
100%
Castanheira Portuguese
100%
Zelenskyy Ukrainian
100%
Garnier French
67%
Özil Turkish
67%
Dahan Jewish
33%
Cordina Maltese
33%
Vlašić Croatian
0%
Welch English
0%
Cassata Italian
0%
Gorbunov Russian
0%
Romo Spanish
0%
Huynh Vietnamese
0%
Owens Welsh
0%
No matching quizzes found
Score Distribution
Percent of People with Each Score
Percentile by Number Answered
Your Score History
You have not taken this quiz